000 00588nam a2200193 i 4500
001 14040
003 ES-MaACL
005 20240515063021.0
007 t|
008 980921s1992 sp ||||1| spa d
080 _a821.134.2-14"19"
100 0 _aNavales, Ana María,
_d1939-2009
_985026
245 1 0 _aAna María Navales.
260 _a[Málaga :
_bCentro Cultural de la Generación del 27,
_c1992]
300 _a[12] p. :
_b1 retr. ;
_c22 cm.
710 2 _aCentro Cultural Generación del 27.
_92582
852 _aES-MaACL
_j2154-F-4
_bR.120455
999 _c14040
_d14040